[Event "Amity GM Challenge Rapid"]
[Site "New Delhi IND"]
[Date "2006.12.23"]
[Round "7"]
[White "Lahno,Kateri"]
[Black "Negi,P"]
[Result "1-0"]
[WhiteElo "2459"]
[BlackElo "2538"]
[EventDate "2006.12.17"]

1. e4 e5 2. Nf3 Nc6 3. Bc4 Nf6 4. d3 Bc5 5. c3 a6 6. Nbd2 O-O 7. Bb3 Ba7 8.
O-O d6 9. h3 Nh5 10. Re1 Qf6 11. Nf1 Nf4 12. Ng3 g6 13. Be3 h5 14. d4 Nd8
15. d5 Bd7 16. Rc1 a5 17. a3 a4 18. Ba2 Bc5 19. Kh2 g5 20. Nd4 h4 21. Nh5
Qh6 22. Nxf4 gxf4 23. Nf5 Bxf5 24. Bxc5 Bd7 25. Bb4 f6 26. Bc4 Kh8 27. Be2
Rg8 28. Bg4 Qg7 29. Rg1 Bxg4 30. Qxg4 Qxg4 31. hxg4 Rxg4 32. Kh3 Rg5 33. c4
b6 34. g3 hxg3 35. fxg3 fxg3 36. Bd2 Rh5+ 37. Kxg3 Nf7 38. Kg4 Rh2 39. Rh1
Rg8+ 40. Kf5 Rgg2 41. Kxf6 Kg8 42. Ke7 Rxh1 43. Rxh1 Nh8 44. Bb4 Rg7+ 45.
Kd8 Ng6 46. Rg1 Kh7 47. Rh1+ Kg8 48. Rg1 Kh7 49. Rh1+ Kg8 50. Kc8 Nf4 51.
c5 dxc5 52. Bc3 Nd3 53. Rh5 Re7 54. Kd8 Rg7 55. Bxe5 Rg4 56. Ke7 Nxe5 57.
Rxe5 c4 58. Kd7 Rg2 59. Kxc7 Rxb2 60. d6 c3 61. d7 Rd2 62. d8=Q+ Rxd8 63.
Kxd8 c2 64. Rg5+ Kf7 65. Rg1 1-0

[Event "Amity GM Challenge Rapid"]
[Site "New Delhi IND"]
[Date "2006.12.24"]
[Round "11"]
[White "Lahno, Kateri"]
[Black "Negi, P."]
[Result "0-1"]
[WhiteElo "2459"]
[BlackElo "2538"]
[PlyCount "114"]
[EventDate "2006.12.17"]

1. e4 c5 2. Nf3 d6 3. d4 cxd4 4. Nxd4 Nf6 5. Nc3 a6 6. Be2 e5 7. Nb3 Be7 8. O-O
O-O 9. Bf3 Nbd7 10. a4 Nb6 11. Nd2 Be6 12. Re1 Rc8 13. Nf1 Re8 14. Ne3 Rxc3 15.
bxc3 Bd7 16. a5 Na4 17. Nf5 Bf8 18. Nxd6 Re6 19. Nf5 Qxa5 20. Bg5 Qc7 21. c4
Nb2 22. Qd2 Nxc4 23. Qc3 a5 24. Red1 Bb4 25. Qb3 b5 26. c3 (26. Bxf6 Rxf6 (
26... gxf6 27. Bh5 $18) 27. Qxb4 axb4 28. Ra8+ Bc8 29. Ra7 Qb6 30. Ne7+ Kf8 31.
Nxc8 Qc6 32. Rd8+ Qe8 33. Rxe8+ Kxe8 $18) 26... Bc5 27. Qc2 h6 28. Bh4 Bc6 29.
Nd4 exd4 30. cxd4 Bxe4 31. Bxe4 Nxe4 32. dxc5 Qxc5 33. Kh1 Qh5 34. Rd8+ Kh7 35.
Bg3 Qg6 36. Qb3 Qf6 37. Rdd1 Nxf2+ 38. Bxf2 Qxf2 39. Qxb5 Ne3 40. Qd3+ Rg6 41.
Rd2 Qf4 42. Re1 Ng4 43. g3 Nf2+ 44. Rxf2 Qxf2 45. Re8 Qc5 46. Rb8 a4 47. h4 a3
48. Kh2 Qf2+ 49. Kh3 a2 50. Ra8 h5 51. Ra5 Kh6 52. Qb3 Qf1+ 53. Kh2 a1=Q 54.
Qe3+ Kh7 55. Rxh5+ Rh6 56. Qe4+ g6 57. Rxh6+ Kxh6 0-1